The Microelectronics and computer Technology Corporation (Record no. 6499)

000 -LEADER
fixed length control field 00467pab a2200157 454500
008 - FIXED-LENGTH DATA ELEMENTS--GENERAL INFORMATION
fixed length control field 180718b1989 xxu||||| |||| 00| 0 eng d
100 ## - MAIN ENTRY--PERSONAL NAME
Personal name Buyers, Kathleen M.
245 ## - TITLE STATEMENT
Title The Microelectronics and computer Technology Corporation
Remainder of title An assessment from market and public policy perspectives
260 ## - PUBLICATION, DISTRIBUTION, ETC.
Date of publication, distribution, etc. 1989
300 ## - PHYSICAL DESCRIPTION
Extent 101-27
362 ## - DATES OF PUBLICATION AND/OR SEQUENTIAL DESIGNATION
Dates of publication and/or sequential designation May
650 ## - SUBJECT ADDED ENTRY--TOPICAL TERM
Topical term or geographic name entry element Computers - U.S.A.
700 ## - ADDED ENTRY--PERSONAL NAME
Personal name David R. Palmer
773 ## - HOST ITEM ENTRY
Main entry heading Administration and Society
909 ## -
-- 6499
Holdings
Withdrawn status Lost status Damaged status Not for loan Permanent Location Current Location Date acquired Serial Enumeration / chronology Barcode Date last seen Price effective from Koha item type
        Indian Institute of Public Administration Indian Institute of Public Administration 2018-07-19 Volume no: 21, Issue no: 1 AR6509 2018-07-19 2018-07-19 Articles

Powered by Koha